| 000 | 00804cam a22002291a 4500 | ||
|---|---|---|---|
| 001 | ne 67000115 | ||
| 003 | DLC | ||
| 005 | 20260227111828.0 | ||
| 008 | 850325s1959 ir h 001 0bpero | ||
| 010 | _ane 67000115 | ||
| 035 | _a(OCoLC)21686672 | ||
| 040 |
_aDLC _cCU _dDLC |
||
| 042 | _apremarc | ||
| 050 | 0 | 0 |
_aPK6451.F4 _bM8 |
| 100 | 1 |
_aʻAṭṭār, Farīd al-Dīn, _d-approximately 1230. |
|
| 245 | 1 | 0 |
_aMuṣībatʹnāmah / _cFarīd al-Dīn ʻAṭṭār Nīshābūrī ; Bi-ihtimām va taṣḥīḥ-i Nūrānī Viṣāl. |
| 260 |
_aTihrān : _bKitābfurūshī Zavvār, _c1338 [1959] |
||
| 300 |
_a48, 480 p. : _bfacsims. ; _c25 cm. |
||
| 500 | _aBiographical sketches by the editor: p. [384]-448. | ||
| 504 | _aIncludes bibliographical references and index. | ||
| 700 | 1 | _aViṣāl, Nūrānī. | |
| 999 |
_c49318 _d49318 |
||